Normal view
MARC view
- López, Rubén W.
Entry Nombre Personal
001 - NUMERO DE CONTROL
- campo de control: 52772
003 - IDENTIFICADOR DE NUMERO DE CONTROL
- campo de control: MX-MxUPN
005 - FECHA Y HORA DE LA ÜLTIMA TRANSACCIÓN
- campo de control: 20240801111113.0
008 - DATOS DE LONGITUD FIJA
- campo de control de longitud fija: 240801|| aca||aabn | aaa d
040 ## - FUENTE DE CATALOGACIÓN
- Agencia original de catalogación: MX-MxUPN
- Lenguaje de catalogación: spa
- Agencia de transcripción: MX-MxUPN
100 1# - ENCABEZAMIENTO - NOMBRE PERSONAL
- Nombre personal: López, Rubén W.
670 ## - FUENTE EN LA QUE SE LOCALIZARON DATOS
- Cita de la fuente: Carretoncito : poemas socialistas de utilidad para las escuelas primarias y rurales, 1935:
- Información localizada: portada (Rubén W. López)
902 ## - CATALOGADOR
- Catalogador: Víctor Ruiz/010824
